000 00815cam a2200265 i 4500
999 _c129741
_d129741
001 2282090
003 ARRUPE
005 20190827092036.0
008 800102s1980 caua b 001 0 eng
010 _a 79027721
020 _a0716712296
020 _a071671230X
040 _aDLC
_cDLC
_dDLC
050 0 0 _aHM251
_b.A79 1980
082 0 0 _a302
100 1 _aAronson, Elliot.
_947904
245 1 4 _aThe social animal /
_cElliot Aronson.
250 _a3d ed.
260 _aSan Francisco :
_bW. H. Freeman,
_cc1980.
300 _axvi, 377 p. :
_bill. ;
_c24 cm.
490 0 _aA Series of books in psychology
504 _aIncludes bibliographical references and indexes.
650 0 _aSocial psychology.
_916638
906 _a7
_bcbc
_corignew
_d1
_eocip
_f19
_gy-gencatlg
942 _2lcc
_cMONOGRAPH